| 000 | 00649nam a2200205 a 4500 | ||
|---|---|---|---|
| 005 | 20140310183515.0 | ||
| 008 | 110104s19uu xx 00 eng d | ||
| 020 | _a9780738213552 | ||
| 050 |
_aRJ 506.H9 _b.G75 2009 |
||
| 100 | _aGreenspan, Stanley | ||
| 245 |
_aOvercoming ADHD : _bhelping your child become calm, engaged, and focused-without a pill / _cStanley Greenspan. |
||
| 260 |
_aUSA : _bDa Capo Press, _c2009. |
||
| 300 |
_a196 p. : _c22 cm. |
||
| 521 | _aEDU | ||
| 650 | _aAttention-deficit hyperactivity disorder. | ||
| 650 | _aBehavior modification. | ||
| 700 | _awith Jacob Greenspan | ||
| 942 |
_cBK _2lcc _kFOR |
||
| 999 |
_c24282 _d24282 |
||